Un colonial au temps de Colbert (Record no. 50787)
[ view plain ]
| 000 -LEADER | |
|---|---|
| campo de control de longitud fija | 00611nam a2200193 i 4500 |
| 001 - NÚMERO DE CONTROL | |
| campo de control | 50787 |
| 003 - IDENTIFICADOR DE NÚMERO DE CONTROL | |
| campo de control | ES-MaACL |
| 005 - FECHA Y HORA DE LA ÚLTIMA TRANSACCIÓN | |
| campo de control | 20250731053435.0 |
| 007 - CAMPO FIJO DE DESCRIPCIÓN FÍSICA--INFORMACIÓN GENERAL | |
| campo de control de longitud fija | t| |
| 008 - DATOS DE LONGITUD FIJA--INFORMACIÓN GENERAL | |
| campo de control de longitud fija | 030806s1931 fr ||||1| fre d |
| 100 1# - ENTRADA PRINCIPAL--NOMBRE DE PERSONA | |
| Nombre de persona | Challes, Robert. |
| 9 (RLIN) | 37825 |
| 245 10 - MENCIÓN DEL TÍTULO | |
| Título | Un colonial au temps de Colbert |
| Resto del título | : memoires de Robert Challes, écrivain du roi / |
| Mención de responsabilidad, etc. | publies par A. Augustin-Thierry. |
| 260 ## - PUBLICACIÓN, DISTRIBUCIÓN, ETC. | |
| Lugar de publicación, distribución, etc. | Paris : |
| Nombre del editor, distribuidor, etc. | Plon, |
| Fecha de publicación, distribución, etc. | 1931. |
| 300 ## - DESCRIPCIÓN FÍSICA | |
| Extensión | 302 p. ; |
| Dimensiones | 20 cm. |
| 651 #4 - PUNTO DE ACCESO ADICIONAL DE MATERIA--NOMBRE GEOGRÁFICO | |
| Nombre geográfico | Francia- |
| Subdivisión general | Historia- |
| Subdivisión cronológica | 1643-1715, Luis XIV. |
| 9 (RLIN) | 8682 |
| 700 1# - ENTRADA AGREGADA--NOMBRE PERSONAL | |
| Nombre de persona | Augustin-Thierry, A. |
| 9 (RLIN) | 153191 |
| 852 ## - LOCALIZACIÓN | |
| Ubicación | ES-MaACL |
| Número de control de estantería | A-378 |
| Estatus retirado | Estado de pérdida | Estado de daño | No para préstamo | Biblioteca de origen | Biblioteca actual | Ubicación en estantería | Fecha de adquisición | Fuente de adquisición | Total de préstamos | Signatura topográfica completa | Código de barras | Visto por última vez | Precio de reemplazo | Tipo de ítem Koha |
|---|---|---|---|---|---|---|---|---|---|---|---|---|---|---|
| Biblioteca del Ateneo de Madrid | Biblioteca del Ateneo de Madrid | Sala Pecera Planta 1 | 17/01/2008 | A-378 | 1053417 | 23/02/2023 | 23/02/2023 | Libro impreso |
